Inventing the organizations of the 21st century (Record no. 2697)

MARC details
000 -LEADER
fixed length control field 00431nam a22001697a 4500
005 - DATE AND TIME OF LATEST TRANSACTION
control field 20160614153200.0
008 - FIXED-LENGTH DATA ELEMENTS--GENERAL INFORMATION
fixed length control field 160614b xxu||||| |||| 00| 0 eng d
020 ## - INTERNATIONAL STANDARD BOOK NUMBER
ISBN 81-297-0598-2
041 ## - LANGUAGE CODE
Language code of text/sound track or separate title eng
082 ## - DEWEY DECIMAL CLASSIFICATION NUMBER
Item number 7550
100 ## - MAIN ENTRY--AUTHOR NAME
Personal name Malone, Thomas W & others
245 ## - TITLE STATEMENT
Title Inventing the organizations of the 21st century
260 ## - PUBLICATION, DISTRIBUTION, ETC. (IMPRINT)
Place of publication Delhi
Name of publisher pearson education
300 ## - PHYSICAL DESCRIPTION
Number of Pages 412
650 ## - SUBJECT ADDED ENTRY--TOPICAL TERM
Topical Term Management
942 ## - ADDED ENTRY ELEMENTS (KOHA)
Koha item type Books
Holdings
Lost status Damaged status Collection code Home library Current library Shelving location Date acquired Full call number Accession Number Koha item type
    MANAGEMENT JRU Library JRU Library SHELF - 69 N 14/06/2016 658.11 7550 Books
    MANAGEMENT JRU Library JRU Library SHELF - 69 N 14/06/2016 658.11 7551 Books
    MANAGEMENT JRU Library JRU Library SHELF - 69 N 14/06/2016 658.11 7552 Books